[Event "It (open)"]
[Site "masterchessopen.com Brno (Czech Republic)"]
[Date "2005.07.06"]
[Round "5"]
[White "Vukovic Ivo (CRO)"]
[Black "Mudra Tomas (CZE)"]
[Result "1-0"]
[WhiteElo "2221"]
[BlackElo "2112"]

1.Nf3 Nf6 2.g3 g6 3.Bg2 Bg7 4.O-O O-O 5.d4 c6 6.c4 d5 7.Nbd2 Nbd7 8.b3 c5
9.Bb2 Re8 10.e3 Rb8 11.Qc2 b6 12.Rfe1 Bb7 13.a3 Rc8 14.Rac1 b5 15.dxc5 dxc4
16.b4 Qc7 17.Ra1 e5 18.Red1 a5 19.Bc3 Nd5 20.Ne4 Nxc3 21.Nxc3 Bc6 22.Ng5 Bxg2
23.Kxg2 Qb7+ 24.Kg1 f5 25.Rd6 Bf8 26.Rd2 e4 27.Nd5 Bg7 28.Rad1 Ne5 29.Nb6 Rb8
30.Rd6 Nd3 31.Nxc4 axb4 32.Na5 Qe7 33.Qb3+ Kh8 34.Nf7+ Kg8 35.Ne5+ Kh8 36.Nxd3
exd3 37.axb4 Qe4 38.R6xd3 Qf3 39.c6 Rbc8 40.Rd7 h5 41.Qf7 Rg8 42.Qxg6 h4
43.Qg5 Rxc6 44.Nxc6 Qxc6 45.R7d6 {#r} 1-0

[Event "It (open)"]
[Site "masterchessopen.com Avoine (France)"]
[Date "2005.07.27"]
[Round "5"]
[White "De La Fontaine Christophe (FRA)"]
[Black "Menager Erwan (FRA)"]
[Result "0-1"]
[WhiteElo "2044"]
[BlackElo "2113"]

1.d4 Nf6 2.Nf3 g6 3.g3 d5 4.Bg2 Bg7 5.O-O O-O 6.c4 c6 7.Nbd2 dxc4 8.Nxc4 Be6
9.Qc2 Bd5 10.Ncd2 Qa5 11.a3 Na6 12.e4 Be6 13.b4 Qh5 14.Re1 Bh3 15.Nb3 Ng4
16.Na5 Rab8 17.Qc4 Nc7 18.Bf4 e5 19.dxe5 Ne6 20.Qf1 Bxg2 21.Qxg2 g5 22.Be3
Nxe3 23.Rxe3 g4 24.Nh4 Bxe5 25.Rd1 Ng5 26.f3 Bc7 27.Nb3 Bb6 28.Nd4 Nxf3+
29.Nhxf3 gxf3 30.Qb2 f2+ 31.Kxf2 Qxh2+ {#R} 0-1

[Event "It \"]
[Site "masterchessopen.com Olomouc (Czech Republic)"]
[Date "2005.08.05"]
[Round "4"]
[White "Tibensky Robert (SVK)"]
[Black "Abdul Majeed Mohamad (UAE)"]
[Result "1-0"]
[WhiteElo "2432"]
[BlackElo "2257"]

1.d4 Nf6 2.Nf3 g6 3.c4 Bg7 4.g3 O-O 5.Bg2 c6 6.O-O d5 7.Nbd2 Bf5 8.b3 Nbd7
9.Bb2 Be4 10.Rc1 a5 11.a3 Qb6 12.e3 Rfc8 13.Re1 e6 14.Nxe4 Nxe4 15.Re2 Qd8
16.Rec2 Nb6 17.Ne1 Nf6 18.Rd2 h5 19.Nd3 h4 20.g4 Bf8 21.h3 Qe7 22.Qe2 Bh6
23.Rdd1 Kh7 24.Rc2 a4 25.c5 axb3 26.Rc3 Nc4 27.Rxb3 Ra7 28.Rb1 Na5 29.Rb4 Nc4
30.Bc1 Rc7 31.f4 g5 32.a4 Ra8 33.Qf2 Re8 34.Ne1 Kg7 35.e4 Nh7 36.f5 e5 37.exd5
cxd5 38.Bxd5 exd4 39.Rxc4 Qxe1+ 40.Qxe1 Rxe1+ 41.Kf2 Re5 42.Rb2 {#r} 1-0

[Event "Cup Independence (open) (b)"]
[Site "masterchessopen.com Kiev (Ukraine)"]
[Date "2005.08.08"]
[Round "7"]
[White "Pavlov Sergey (UKR)"]
[Black "Julin Alexei (UKR)"]
[Result "1-0"]
[WhiteElo "2460"]
[BlackElo "2231"]

1.d4 d5 2.Nf3 Nf6 3.g3 g6 4.Bg2 Bg7 5.O-O O-O 6.c4 c6 7.Nbd2 Nbd7 8.b3 dxc4
9.Nxc4 Nb6 10.Nce5 Nfd7 11.Nd3 c5 12.Bb2 c4 13.Nf4 Nf6 14.Ne5 cxb3 15.axb3
Nbd7 16.Nc4 Nb6 17.e4 Bg4 18.f3 Bd7 19.Nxb6 Qxb6 20.e5 Ne8 21.Nd5 Qe6 22.Ne3
Bb5 23.d5 Qb6 24.Re1 f6 25.Bd4 Qd8 26.f4 fxe5 27.fxe5 Ba6 28.b4 Nc7 29.Qb3 Nb5
30.Bb2 Qb6 31.d6+ Kh8 32.dxe7 Rfe8 33.Kh1 Nc7 34.Qf7 Bb5 35.Ng4 Qe6 36.Qxe6
Nxe6 37.Bxb7 Rab8 38.Bg2 Rxe7 39.Nf6 Rc7 40.Rac1 Rbc8 41.Bd5 Bc6 42.Bxc6 Rxc6
43.Rxc6 Rxc6 44.Rd1 Bf8 45.b5 Rc2 46.Bc1 Bc5 47.Bh6 Bd4 48.Ng4 Ra2 49.Be3 Ra4
50.Rc1 Bxe3 51.Nxe3 Re4 52.Nc4 Nd4 53.Nd6 Re2 54.Rf1 Kg7 55.Rf7+ Kg8 56.Rf4
Ne6 57.Ra4 Rxe5 58.Rxa7 Re1+ 59.Kg2 Rb1 60.Rb7 Rb2+ 61.Kf3 Rxh2 62.b6 Rb2
63.Ne4 Rb3+ 64.Kf2 h5 65.Ra7 Nd4 66.b7 Nc6 67.Ra6 Nb8 68.Ra7 Kf7 69.Nc5 Rb2+
70.Kf3 Rb5 71.Ra8 Nc6 72.Rc8 Rxc5 73.Rc7+ Ke6 74.Rxc6+ Rxc6 75.b8=Q Rc3+
76.Kg2 Rc6 77.Kf3 Rc3+ 78.Kf2 Rc2+ 79.Ke3 Rc6 80.Kd4 Rd6+ 81.Ke4 Rc6 {#r} 1-0

[Event "Ch American Continent"]
[Site "masterchessopen.com Buenos Aires (Argentina)"]
[Date "2005.08.10"]
[Round "5"]
[White "Marinangeli Martin (ARG)"]
[Black "Giampa Alejandro (ARG)"]
[Result "1-0"]
[WhiteElo "2164"]
[BlackElo "2238"]

1.Nf3 Nf6 2.c4 c6 3.d4 d5 4.Nbd2 g6 5.g3 Bg7 6.Bg2 O-O 7.O-O Na6 8.b3 b5 9.e3
Qc7 10.Ba3 Re8 11.Qe2 Qa5 12.Bb2 Nd7 13.e4 bxc4 14.bxc4 Rb8 15.Nb3 Qa4 16.cxd5
cxd5 17.e5 Nb6 18.Nfd2 Bd7 19.Rfc1 Bb5 20.Qe1 Nc4 21.Bc3 e6 22.Nxc4 Bxc4
23.Bf1 Bf8 24.Bxc4 dxc4 25.Nd2 Ba3 26.Rd1 Nc7 27.Ne4 Nd5 28.Qd2 Red8 29.h4 Be7
30.h5 Qa3 31.Rac1 Rb5 32.Kg2 Nxc3 33.Rxc3 Qa6 34.Qf4 Kf8 35.hxg6 hxg6 36.Rh1
Ke8 37.Rh7 {#r} 1-0

[Event "It (open)"]
[Site "masterchessopen.com Stare Mesto (Czech Republic)"]
[Date "2005.08.18"]
[Round "8"]
[White "Volodin Viktor (RUS)"]
[Black "Palka Miroslav (SVK)"]
[Result "1-0"]
[WhiteElo "2265"]
[BlackElo "2046"]

1.Nf3 g6 2.c4 Bg7 3.d4 Nf6 4.g3 O-O 5.Bg2 c6 6.O-O d5 7.Nbd2 Bd7 8.b3 Qc8
9.Ba3 Re8 10.Rc1 Bh3 11.cxd5 Bxg2 12.Kxg2 Nxd5 13.e4 Nb6 14.Nc4 Qd8 15.Na5 Qd7
16.Qe2 e6 17.Rfd1 Na6 18.Nxc6 bxc6 19.Qxa6 Red8 20.Ne5 Bxe5 21.dxe5 Qxd1
22.Rxd1 Rxd1 23.Bd6 Rd2 24.a4 Re8 25.Qxa7 Nc8 26.Qc7 Nxd6 27.exd6 e5 28.d7 Rf8
29.a5 h5 30.a6 c5 {#r} 1-0

[Event "It (open)"]
[Site "masterchessopen.com Izmir (Turkey)"]
[Round "3"]
[White "Polat Cihan (TUR)"]
[Black "Istanbulluoglu Ozgur (TUR)"]
[Result "1-0"]
[WhiteElo "2159"]
[BlackElo "1999"]

1.d4 Nf6 2.Nf3 g6 3.g3 Bg7 4.Bg2 O-O 5.O-O d5 6.c4 c6 7.Nbd2 Nbd7 8.b3 e5
9.dxe5 Ng4 10.Ba3 Re8 11.cxd5 cxd5 12.Nd4 Ndxe5 13.h3 Nh6 14.Bb2 Nf5 15.Nxf5
Bxf5 16.Bd4 Qa5 17.g4 Bd7 18.Nf3 Nxf3+ 19.Bxf3 Bh6 20.Bb2 Qb6 21.e3 Bb5 22.Re1
Bg7 23.Bxg7 Kxg7 24.Bxd5 Rad8 25.Qf3 Re7 26.Rad1 Red7 27.g5 h6 28.a4 Qc5
29.Qf6+ Kh7 30.gxh6 Kxh6 31.Bxf7 Rd6 32.Rxd6 Rxd6 33.Qh8+ Kg5 34.axb5 {#r} 1-0

[Event "Ch Belgrade (team) (qual. liga)"]
[Site "masterchessopen.com Belgrade (Yugoslavia)"]
[Round "0"]
[White "Vukovic Dusan M (SRB)"]
[Black "Guduric Cedo (SRB)"]
[Result "1-0"]
[WhiteElo "2216"]
[BlackElo "2127"]

1.Nf3 Nf6 2.g3 g6 3.d4 d5 4.Bg2 Bg7 5.O-O O-O 6.c4 c6 7.Nbd2 Qb6 8.b3 Bf5
9.Bb2 Nbd7 10.Nh4 Ne4 11.Nxf5 gxf5 12.e3 Qb4 13.Nb1 Qd6 14.f4 Ndf6 15.Nd2 Ng4
16.Nxe4 dxe4 17.Qe2 c5 18.h3 Nf6 19.dxc5 Qxc5 20.Bd4 Qa5 21.g4 Kh8 22.g5 Nd7
23.Rad1 Nc5 24.Bxg7+ Kxg7 25.Qb2+ f6 26.b4 Qb6 27.gxf6+ Rxf6 28.Qe5 Ne6 29.Qc3
a5 30.b5 Kf7 31.Rd5 Nc5 32.Qd4 {#r} 1-0

[Event "Ch England (team) 2005/06 (2 div)"]
[Site "masterchessopen.com England"]
[Date "2005.10.22"]
[Round "1"]
[White "Allicock Rawle Anthony (ENG)"]
[Black "Vitoux Colomban (FRA)"]
[Result "1-0"]
[WhiteElo "2303"]
[BlackElo "2264"]

1.d4 Nf6 2.Nf3 g6 3.g3 Bg7 4.Bg2 O-O 5.O-O d5 6.c4 c6 7.Nbd2 Ne4 8.cxd5 cxd5
9.Nxe4 dxe4 10.Ne5 Nc6 11.Nxc6 bxc6 12.Bxe4 Bh3 13.Re1 Qxd4 14.Bxc6 Rab8
15.Qxd4 Bxd4 16.Rb1 Rfd8 17.Be4 Rb6 18.Bd3 Rf6 19.Be3 Bxe3 20.fxe3 Rd5 21.b4
h5 22.b5 Re5 23.a4 h4 24.gxh4 Rxe3 25.a5 Rf4 26.b6 axb6 27.axb6 Bc8 28.b7 Bxb7
29.Rxb7 Rg4+ 30.Kf2 Rh3 31.Rxe7 Rxh2+ 32.Ke3 Rh3+ 33.Kd2 Rhxh4 34.Rf1 Rf4
35.Rc1 Rf6 36.Rcc7 Rhf4 37.Bc4 Kf8 38.e4 Rf2+ 39.Ke3 R6f3+ 40.Kd4 Rf4 41.Ke5
R4f3 42.Red7 Kg7 43.Kd6 Rf6+ 44.Ke7 Rb6 45.Rd8 Rff6 46.Ke8 Rb4 47.e5 {#r} 1-0

[Event "It \"]
[Site "masterchessopen.com St.Petersburg (Russia)"]
[Date "2005.11.05"]
[Round "8"]
[White "Kryschilovskij Andrej (RUS)"]
[Black "Svidinsky Dmitry (RUS)"]
[Result "1-0"]
[WhiteElo "2391"]
[BlackElo "2002"]

1.d4 Nf6 2.c4 g6 3.Nf3 Bg7 4.g3 O-O 5.Bg2 c6 6.O-O d5 7.Nbd2 Bf5 8.Nh4 Bg4
9.h3 Bc8 10.e3 Nbd7 11.f4 e6 12.b3 b5 13.c5 a5 14.Qc2 Ne8 15.Nhf3 f5 16.Ne5
Nxe5 17.dxe5 h5 18.Nf3 Bd7 19.Bd2 Kf7 20.g4 hxg4 21.hxg4 a4 22.Kf2 axb3
23.axb3 Rh8 24.Ra2 Bf8 25.Rfa1 Rxa2 26.Rxa2 Qb8 27.Ba5 Be7 28.g5 Bd8 29.Bxd8
Qxd8 30.Ra7 Nc7 31.b4 Qb8 32.Qa2 Rc8 33.Nd4 Ke8 34.Bf3 Kd8 35.Kg3 Ke8 36.Qa5
Na8 37.Be2 Rd8 38.Bxb5 cxb5 39.c6 Bxc6 40.Nxc6 Qb6 41.Qxb6 Nxb6 42.Re7+ Kf8
43.Rb7 Rc8 44.Rxb6 Ke8 45.Rb8 Rxb8 46.Nxb8 Kd8 47.Nc6+ Kd7 48.Nd4 {#r} 1-0

[Event "It (open)"]
[Site "masterchessopen.com Oban (Scotland)"]
[Date "2005.11.25"]
[Round "1"]
[White "McNab Colin A (SCO)"]
[Black "Grassie Duncan (SCO)"]
[Result "1-0"]
[WhiteElo "2456"]
[BlackElo "2039"]

1.c4 Nf6 2.Nf3 g6 3.g3 Bg7 4.Bg2 O-O 5.O-O c6 6.d4 d5 7.Nbd2 Nbd7 8.b3 Re8
9.Bb2 dxc4 10.Nxc4 Nb6 11.Nce5 Bf5 12.Re1 Nfd7 13.Nxf7 Kxf7 14.e4 e6 15.exf5
exf5 16.Qd2 Qf6 17.Qa5 a6 18.Ne5+ Nxe5 19.dxe5 Qd8 20.Rad1 Nd5 21.Rxd5 cxd5
22.Bxd5+ Re6 23.Bxe6+ Kxe6 24.Qb4 b5 25.Qd6+ Kf7 26.Qc6 Kg8 27.e6 Bxb2 28.e7
Qe8 29.Qxa8 {#r} 1-0

[Event "It (open)"]
[Site "masterchessopen.com Bad Zwesten (Germany)"]
[Round "2"]
[White "Andersson Ulf (SWE)"]
[Black "Hoolt Sarah (GER)"]
[Result "1-0"]
[WhiteElo "2542"]
[BlackElo "2135"]

1.Nf3 Nf6 2.c4 g6 3.g3 Bg7 4.Bg2 O-O 5.O-O c6 6.d4 d5 7.Nbd2 e6 8.b3 Nbd7
9.Qc2 Re8 10.Bb2 Qe7 11.Rfe1 a5 12.e4 dxe4 13.Nxe4 Nxe4 14.Qxe4 a4 15.Qc2 Nb6
16.Bc3 Rd8 17.Rad1 Qf8 18.h4 h6 19.Ne5 Bd7 20.Qd2 Qd6 {#r} 1-0

[Event "Ch Hungary (team) 2005/06"]
[Site "masterchessopen.com Hungary"]
[Date "2006.01.22"]
[Round "6"]
[White "Bagonyai Attila (HUN)"]
[Black "Pozsonyi Istvan (HUN)"]
[Result "1-0"]
[WhiteElo "2362"]
[BlackElo "2067"]

1.d4 Nf6 2.Nf3 g6 3.Nbd2 d5 4.c4 c6 5.g3 Bg7 6.Bg2 O-O 7.O-O Nbd7 8.b3 b6
9.Bb2 Bb7 10.Rc1 Rc8 11.Qc2 c5 12.Qb1 dxc4 13.Nxc4 Qc7 14.dxc5 Nxc5 15.Be5 Be4
16.Bxc7 Bxb1 17.Bxb6 Bxa2 18.Bxa7 Nxb3 19.Rc2 Na5 20.Rxa2 Nxc4 21.Nd4 Rc7
22.Rc1 Rfc8 23.Nb5 Rd7 24.Rac2 {#r} 1-0

[Event "It (open) \"]
[Site "masterchessopen.com Moscow (Russia)"]
[Date "2006.02.14"]
[Round "8"]
[White "Zhelesny Stanislav (RUS)"]
[Black "Gromova Iulia (RUS)"]
[Result "1-0"]
[WhiteElo "2232"]
[BlackElo "2235"]

1.Nf3 Nf6 2.g3 g6 3.Bg2 Bg7 4.O-O O-O 5.d4 d5 6.Nbd2 c6 7.c4 Nbd7 8.b3 Re8
9.Bb2 Nf8 10.Rc1 h5 11.Ne5 Ng4 12.cxd5 cxd5 13.e4 Nxe5 14.dxe5 d4 15.Nf3 Bg4
16.Qxd4 Qa5 17.a4 Nd7 18.Bc3 Qc5 19.b4 Qxd4 20.Nxd4 Nxe5 21.h3 Bd7 22.b5 Rac8
23.Rfd1 Red8 24.Bf1 Nf3+ 25.Nxf3 Rxc3 26.Rxc3 Bxc3 27.b6 a6 28.Bxa6 bxa6 29.b7
Ba5 30.Rxd7 Rb8 31.Rxe7 Kf8 32.Rd7 Ke8 33.Ne5 Bc3 34.Nc6 Kxd7 35.Nxb8+ Kc7
36.Nxa6+ Kxb7 37.Nc5+ Kc6 38.Nb3 Kd6 39.f3 Be1 40.g4 hxg4 41.hxg4 Ke5 42.Kf1
Bb4 43.Ke2 g5 44.Kd3 Kf4 45.Ke2 Ke5 46.Ke3 f6 47.a5 Bd6 48.a6 Bb8 49.Na5 Ba7+
50.Kd3 Kd6 51.Nc4+ Kc5 52.e5 fxe5 53.Ke4 {#r} 1-0

[Event "Bayern Regionalliga Southwest 2005/06"]
[Site "masterchessopen.com Bayern (Germany)"]
[Date "2006.02.19"]
[Round "7"]
[White "Urankar Hans-Peter (GER)"]
[Black "Osipov Andrey V (RUS)"]
[Result "1-0"]
[WhiteElo "2247"]
[BlackElo "2321"]

1.g3 g6 2.Bg2 Bg7 3.d4 d5 4.Nf3 Nf6 5.c4 c6 6.Nbd2 O-O 7.O-O Na6 8.b3 Bf5
9.Nh4 Be6 10.Bb2 Qd7 11.Re1 Bh3 12.Bh1 Nc7 13.Rc1 Ne6 14.Qc2 Rac8 15.Rcd1 Rfd8
16.Ndf3 Qc7 17.Ne5 Ng4 18.Nef3 Bh6 19.e3 Bg7 20.Rc1 Rd7 21.Qe2 Qb8 22.Nd2 Bf6
23.Nhf3 Nh6 24.Red1 Bg4 25.Bg2 Ng5 26.Qf1 Rdd8 27.h3 Nxf3+ 28.Nxf3 Bxf3
29.Bxf3 e6 30.Rc2 Qd6 31.Qe1 Nf5 32.Kg2 Be7 33.Qa5 Qc7 34.Qxc7 Rxc7 35.Rdc1
Rcd7 36.cxd5 exd5 37.Bg4 Kg7 38.Bxf5 gxf5 39.Kf1 h5 40.h4 Kf6 41.a4 Bb4 42.Ra1
Ke6 43.Ba3 Bxa3 44.Rxa3 a5 45.b4 axb4 46.Rb3 Ra8 47.Rxb4 Ra5 48.Ke2 Kd6 49.Kf3
Ke6 50.Kf4 Kf6 51.Rcb2 Ra7 52.Rb6 Re7 53.a5 Re4+ 54.Kf3 Re7 55.Ra2 Re6 56.a6
bxa6 57.Raxa6 Rxa6 58.Rxa6 Kg6 59.Ra8 f6 60.Rc8 Kg7 61.Kf4 Kg6 62.Rg8+ Kf7
63.Kxf5 {#r} 1-0

[Event "Tournament (Elo)"]
[Site "masterchessopen.com Rio de Janeiro (Brazil)"]
[Date "2006.03.25"]
[Round "5"]
[White "Chauca Jose (PER)"]
[Black "Ramos Angelo Bil"]
[Result "0-1"]
[WhiteElo "2112"]
[BlackElo "2172"]

1.d4 Nf6 2.Nf3 g6 3.g3 Bg7 4.Bg2 d5 5.c4 c6 6.Nbd2 O-O 7.O-O Nbd7 8.b3 e6
9.Qc2 Re8 10.Bb2 Qe7 11.e4 dxe4 12.Nxe4 Nxe4 13.Qxe4 e5 14.dxe5 Nxe5 15.Bxe5
Bxe5 16.Rae1 Bf6 17.Qf4 Be6 18.Nd4 Bxd4 19.Qxd4 Qa3 20.Re2 Rad8 21.Qf4 Qd6
22.Qc1 Bg4 23.Rxe8+ Rxe8 24.h3 Bf5 25.g4 Bc8 26.Rd1 Qc5 27.Qf4 Be6 28.Bf3 Kg7
29.Kg2 h6 30.Rd3 g5 31.Qd2 Qe5 32.Qb4 Qc7 33.c5 Qe7 34.Rd6 Bc8 35.Qd4+ Qe5
36.Qxe5+ Rxe5 37.b4 Re8 38.Kf1 Be6 39.a3 Kf8 40.Kg2 Ke7 41.b5 cxb5 42.Bxb7 Rb8
43.Bf3 Rc8 44.Ra6 Rc7 45.Kf1 Rxc5 46.Rxa7+ Kf6 47.a4 b4 48.Rb7 Rc3 49.Kg2 Rxf3
50.Rxb4 Ra3 51.f3 Bd5 {#R} 0-1

[Event "Czech League 2005/06 (2nd) (a)"]
[Site "masterchessopen.com Czech Republic"]
[Date "2006.03.26"]
[Round "10"]
[White "Svoboda Milos (CZE)"]
[Black "Janocko Petr (CZE)"]
[Result "1-0"]
[WhiteElo "2184"]
[BlackElo "2089"]

1.d4 Nf6 2.g3 d5 3.Bg2 c6 4.Nf3 g6 5.O-O Bg7 6.Nbd2 O-O 7.c4 Nbd7 8.Qc2 Qb6
9.b3 Re8 10.Bb2 Ng4 11.h3 Ngf6 12.Kh2 Nh5 13.Ne5 Nxe5 14.dxe5 dxc4 15.Nxc4 Qc7
16.f4 Bh6 17.e4 b5 18.Ne3 Qb6 19.Ng4 Bf8 20.f5 b4 21.e6 f6 22.e5 Ba6 23.fxg6
Rad8 24.exf6 exf6 25.Nxf6+ Nxf6 26.gxh7+ Kh8 27.Bxf6+ Bg7 28.Bxg7+ Kxg7
29.Rf7+ {#r} 1-0

[Event "Ch France (juniors) (under 20) (g)"]
[Site "masterchessopen.com Aix les Bains (France)"]
[Round "2"]
[White "Plessis Laura (FRA)"]
[Black "Bolon Karelle (FRA)"]
[Result "1-0"]
[WhiteElo "1925"]
[BlackElo "2042"]

1.d4 d5 2.c4 c6 3.Nd2 g6 4.Ngf3 Nf6 5.g3 Bg7 6.Bg2 O-O 7.O-O Nbd7 8.e3 b6 9.b3
Ba6 10.Re1 Rc8 11.Bb2 Bb7 12.Rb1 e6 13.Qe2 c5 14.cxd5 exd5 15.dxc5 bxc5 16.Qb5
Qb6 17.Qd3 Rfd8 18.Ng5 Ba6 19.Qc3 Nh5 20.Qc2 Bxb2 21.Qxb2 Qf6 22.Qa3 Bd3
23.Rbd1 Ne5 24.f4 c4 25.Ndf3 Nxf3+ 26.Bxf3 Ng7 27.Nh3 Bf5 28.Nf2 Qe6 29.g4 Bc2
30.Rc1 cxb3 31.axb3 Qb6 32.Re2 Qxb3 33.Qxa7 Bd3 34.Rxc8 Rxc8 35.Qd7 Rc1+
36.Kg2 h6 37.Bxd5 Qxd5+ 38.Qxd5 Bxe2 39.Qd2 Bf1+ 40.Kf3 Ra1 41.Qd8+ Kh7 42.Ne4
Ne6 43.Qe7 Kg8 44.Nd6 {#r} 1-0

[Event "Czech League 2005/06 (2nd) (e)"]
[Site "masterchessopen.com Czech Republic"]
[Date "2006.04.01"]
[Round "9"]
[White "Macura Emil (CZE)"]
[Black "Zapletal Jiri (CZE)"]
[Result "1-0"]
[WhiteElo "2087"]
[BlackElo "2127"]

1.Nf3 Nf6 2.g3 g6 3.Bg2 Bg7 4.c4 O-O 5.O-O c6 6.d4 d5 7.Nbd2 Ne4 8.e3 Nxd2
9.Nxd2 dxc4 10.Nxc4 Be6 11.b3 Bd5 12.Bb2 Bxg2 13.Kxg2 Qd5+ 14.Qf3 Qxf3+
15.Kxf3 Nd7 16.Rac1 Rab8 17.Rfd1 Rfd8 18.Ba3 Bf8 19.e4 e6 20.Bb2 Nb6 21.g4 Bg7
22.Bc3 Rd7 23.Rd3 Rbd8 24.Rcd1 Nxc4 25.bxc4 b6 26.a4 Bf6 27.Ke3 g5 28.Rb1 Kg7
29.Rbd1 Kg6 30.Rb1 Be7 31.Rd2 f6 32.a5 Bd6 33.Rdb2 Bf4+ 34.Ke2 bxa5 35.Bxa5
Bc7 36.Bxc7 Rxc7 37.Rd1 Rdd7 38.Kd3 Rd8 39.Kc3 h6 40.Ra2 Rb8 41.Rb2 Rd8 42.Ra1
Rdd7 43.Ra6 Kf7 44.Rb8 Kg7 45.Ra5 Rd6 46.f3 Rdd7 47.Rb1 Rd6 48.Rba1 Rdd7
49.Rc5 Rd8 50.Ra6 Rcd7 51.Rcxc6 Rxd4 52.Rxa7+ Kg8 53.Rxe6 Rd3+ 54.Kb4 Rxf3
55.Ree7 Re3 56.Rg7+ Kh8 57.Rge7 Re2 58.h3 Re3 59.c5 Rb8+ 60.Kc4 Rxh3 61.c6 Rh1
62.Kd5 h5 63.Rh7+ Kg8 64.gxh5 Rd1+ 65.Ke6 Rd4 66.Kf5 {#r} 1-0

[Event "Ch Croatia (team) (2nd league)"]
[Site "masterchessopen.com Croatia"]
[Date "2006.04.02"]
[Round "1"]
[White "Ilic Ognjen (CRO)"]
[Black "Mihalinec Damir (CRO)"]
[Result "0-1"]
[WhiteElo "2219"]
[BlackElo "2208"]

1.d4 Nf6 2.c4 g6 3.g3 c6 4.Bg2 Bg7 5.Nf3 O-O 6.O-O d5 7.Nbd2 Nbd7 8.b3 Nb6
9.Bb2 Bd7 10.Ne5 Be8 11.e3 Nfd7 12.Nd3 a5 13.Qe2 a4 14.Rfd1 a3 15.Bc3 dxc4
16.Nxc4 Nd5 17.Rac1 b5 18.Nce5 Nxe5 19.dxe5 Nxc3 20.Rxc3 Qb6 21.Rdc1 Rc8 22.b4
Bd7 23.Rxa3 Be6 24.Nc5 Bc4 25.Qg4 Rfd8 26.Ra6 Qb8 27.Nd7 Qb7 28.Nc5 Qb8
29.Bxc6 Qxe5 30.Rd1 h5 31.Qf3 Qb2 32.Rxd8+ Rxd8 33.Ra8 Qc1+ {#R} 0-1

[Event "Ch India"]
[Site "masterchessopen.com Visakhapatnam (India)"]
[Date "2006.04.08"]
[Round "8"]
[White "Sivanandan B S (IND)"]
[Black "Sandipan Chanda (IND)"]
[Result "0-1"]
[WhiteElo "2363"]
[BlackElo "2550"]

1.Nf3 Nf6 2.g3 g6 3.Bg2 Bg7 4.O-O O-O 5.d4 c6 6.Nbd2 d5 7.c4 Be6 8.cxd5 cxd5
9.Nb3 b6 10.Bf4 Nc6 11.Rc1 Rc8 12.Ne5 Qe8 13.Qd2 a5 14.f3 a4 15.Na1 Nxe5
16.Bxe5 Qb5 17.Rfe1 Ra8 18.Bf1 Rfc8 19.Rxc8+ Rxc8 20.Rc1 Rxc1 21.Qxc1 Ne8
22.Bxg7 Kxg7 23.Qc3 Nd6 24.e3 Qd7 25.Nc2 Bh3 26.Be2 h5 27.Nb4 Qf5 28.Qc2 Qe6
29.Kf2 Nf5 30.Qc3 Qd6 31.Bd3 h4 32.Bxf5 Bxf5 33.a3 Bd7 34.Nd3 Bf5 35.Nf4 Bd7
36.Nd3 Bb5 37.Kg2 h3+ 38.Kf2 Qe6 39.Qc2 g5 40.Ne5 Be8 41.Nd3 f6 42.Nb4 g4
43.fxg4 Bg6 44.Qc6 Qxg4 45.Qc7 Qe4 46.g4 Qg2+ 47.Ke1 Qg1+ 48.Ke2 Qxg4+ 49.Kd2
Qg2+ 50.Kc3 Qe4 51.Kd2 Qg2+ 52.Kc3 Qe2 53.Qxe7+ Kh6 54.Qf8+ Kg5 55.b3 Qe1+
{#R} 0-1

[Event "Ch Hungary (team) 2005/06"]
[Site "masterchessopen.com Hungary"]
[Date "2006.04.09"]
[Round "10"]
[White "Gyorkos Lajos (HUN)"]
[Black "Farago Sandor (HUN)"]
[Result "1-0"]
[WhiteElo "2391"]
[BlackElo "2279"]

1.Nf3 Nf6 2.g3 g6 3.Bg2 Bg7 4.O-O O-O 5.d4 d5 6.Nbd2 c6 7.c4 Bf5 8.b3 Ne4
9.Bb2 Nd7 10.Re1 a5 11.Nh4 Nxd2 12.Qxd2 Be6 13.cxd5 cxd5 14.a4 Qb6 15.Nf3 Nf6
16.Ba3 Ne4 17.Qd3 Rfe8 18.e3 Bf5 19.Qb5 Qxb5 20.axb5 a4 21.bxa4 Rxa4 22.Ne5 f6
23.Nd3 b6 24.Nf4 Rea8 25.Bb2 Rxa1 26.Rxa1 Rxa1+ 27.Bxa1 e6 28.g4 g5 29.Nxd5
exd5 30.gxf5 Kf7 31.Bxe4 dxe4 32.d5 Ke7 33.Bd4 Kd6 34.Bxb6 Kxd5 35.Bd4 h5
36.h3 Bh8 37.Kg2 Bg7 38.f3 exf3+ 39.Kxf3 Bh8 40.e4+ Kd6 41.Ke2 Bg7 42.Kd3 Bh8
43.Kc4 Bg7 44.Bc5+ Kc7 45.Kd5 g4 46.hxg4 hxg4 47.Ke6 Bh6 48.Kxf6 g3 49.e5 {#r}
1-0

[Event "Ch Thueringen"]
[Site "masterchessopen.com Jena (Germany)"]
[Date "2006.04.16"]
[Round "8"]
[White "Bollmann Henrik (GER)"]
[Black "Skibbe Willi (GER)"]
[Result "0-1"]
[WhiteElo "2149"]
[BlackElo "2124"]

1.d4 Nf6 2.Nf3 g6 3.g3 Bg7 4.Bg2 O-O 5.O-O d5 6.c4 c6 7.Nbd2 dxc4 8.Nxc4 Be6
9.Qc2 Nbd7 10.Rd1 Nb6 11.Na5 Bf5 12.Qb3 Be6 13.Qc2 Bf5 14.Qb3 Be6 15.Qb4 Nbd5
16.Qe1 Qb6 17.a3 Ne4 18.b4 Ndc3 19.Rd3 Nb5 20.Be3 Bd5 21.Qc1 Rfd8 22.Nc4 Bxc4
23.Qxc4 Ned6 24.Qc5 Nf5 25.Rad1 Rd6 26.a4 Nc7 27.Bf4 Rd7 28.g4 Ne6 29.Qxb6
axb6 30.Ne5 Rdd8 31.Nxg6 hxg6 32.gxf5 Nxf4 {#R} 0-1

[Event "Ch Thueringen"]
[Site "masterchessopen.com Jena (Germany)"]
[Date "2006.04.16"]
[Round "8"]
[White "Goemann Jens (GER)"]
[Black "Missbach Bernd (GER)"]
[Result "1-0"]
[WhiteElo "2176"]
[BlackElo "2142"]

1.c4 g6 2.g3 Bg7 3.Bg2 c6 4.Nf3 Nf6 5.O-O O-O 6.d4 d5 7.Nbd2 Nbd7 8.b3 Re8
9.Bb2 a5 10.Rc1 a4 11.Ne5 Nxe5 12.dxe5 Ng4 13.cxd5 cxd5 14.Nf3 axb3 15.h3 Nh6
16.Qxb3 Qa5 17.a3 Ra6 18.Bc3 Qxa3 19.Qxd5 e6 20.Qd2 Qa4 21.g4 Qa2 22.Rc2 Qa4
23.Rd1 Kh8 24.Bb4 Rb6 25.Bc5 Ra6 26.Be3 Ng8 27.Ng5 Nh6 28.Ne4 Rc6 29.Nc5 Rxc5
30.Rxc5 Ng8 31.Rc7 h5 32.Rdc1 Ne7 33.Rxe7 {#r} 1-0

[Event "Tournament"]
[Site "masterchessopen.com Rio de Janeiro (Brazil)"]
[Date "2006.05.13"]
[Round "1"]
[White "Santos Denilson (BRA)"]
[Black "Ramos Angelo Bil"]
[Result "0-1"]
[WhiteElo "1936"]
[BlackElo "2172"]

1.d4 Nf6 2.Nf3 g6 3.c4 Bg7 4.g3 c6 5.Bg2 d5 6.Nbd2 O-O 7.O-O Ne4 8.cxd5 Nxd2
9.Bxd2 cxd5 10.Rc1 Nc6 11.e3 e6 12.Qb3 Qd6 13.Rfd1 b6 14.Bf1 Bb7 15.Bb5 Rfc8
16.Rc2 Bf8 17.a3 a5 18.Rdc1 Na7 19.Bd3 Rxc2 20.Rxc2 Nc8 21.Bb5 Ne7 22.Ne5 Rc8
23.Bd3 Rxc2 24.Bxc2 Ba6 25.Bd3 Bxd3 26.Qxd3 Nc6 27.Nxc6 Qxc6 28.Qc3 Qb5 29.Kg2
Kg7 30.h4 h5 31.Bc1 Bd6 32.Qd2 Qc4 33.e4 dxe4 34.Qh6+ Kg8 35.Be3 Qd5 36.Kh2
Qf5 37.Qg5 f6 38.Qxf5 exf5 39.Kg2 Kf7 40.Kf1 b5 41.Ke2 Ke6 42.Kd2 Kd5 43.Kc3
b4+ 44.Kb3 Be7 45.axb4 axb4 46.Kc2 Kc4 47.b3+ Kd5 48.Kd2 Bd8 {#R} 0-1

[Event "Olympiad (w)"]
[Site "masterchessopen.com Turin (Italy)"]
[Date "2006.06.04"]
[Round "13"]
[White "Dedijer Sanja (BIH)"]
[Black "Gretarsdottir Lilja (ISL)"]
[Result "1-0"]
[WhiteElo "2067"]
[BlackElo "1991"]

1.d4 d5 2.Nf3 Nf6 3.g3 g6 4.Bg2 Bg7 5.O-O O-O 6.c4 c6 7.Nbd2 Nbd7 8.b3 c5
9.Bb2 a6 10.Qc2 cxd4 11.Bxd4 Re8 12.Qb2 Nb6 13.cxd5 Nbxd5 14.Rfd1 b5 15.e4 Nb4
16.e5 Nfd5 17.Ne4 Bf5 18.e6 f6 19.Nc5 Qd6 20.Rac1 Bxe6 21.a3 Nc6 22.Nxe6 Qxe6
23.Ng5 Qf5 24.Rxc6 Qxg5 25.Qe2 Qf5 26.Ba1 e6 27.g4 Nf4 28.gxf5 Nxe2+ 29.Kf1
exf5 30.Rc2 Nf4 31.Bxa8 Rxa8 32.Rc6 a5 33.Rb6 b4 34.axb4 axb4 35.Rxb4 Nh3
36.Kg2 Ng5 37.Rb7 Ne4 38.b4 g5 39.Bd4 g4 40.Be3 Ra2 41.Rd8+ Bf8 42.Rbb8 f4
43.Rxf8+ Kg7 44.Rg8+ Kf7 45.Rbf8+ Ke7 46.Re8+ Kf7 47.Rxe4 f3+ 48.Kg3 Kxg8
49.Rxg4+ Kf7 50.Kxf3 Rb2 51.Rc4 Ke6 52.Ke4 h5 53.Kd3 Kf5 54.h4 Rb1 55.Kc2 Rh1
56.b5 Ke6 57.b6 Kd5 58.Kc3 Rb1 59.Rb4 Rxb4 60.Kxb4 Kc6 61.Kc4 {#r} 1-0

[Event "It (open)"]
[Site "masterchessopen.com Sanxenxo (Spain)"]
[Date "2006.06.29"]
[Round "4"]
[White "Rodriguez Lopez Rafael (ESP)"]
[Black "Hoffman Alejandro (ARG)"]
[Result "0-1"]
[WhiteElo "2289"]
[BlackElo "2442"]

1.Nf3 Nf6 2.g3 d5 3.Bg2 g6 4.O-O Bg7 5.d4 c6 6.Nbd2 O-O 7.c4 a5 8.b3 Ne4 9.Bb2
Bf5 10.Nh4 Nxd2 11.Qxd2 Be6 12.Rac1 a4 13.c5 axb3 14.axb3 Na6 15.Ra1 Qd7
16.Rfe1 Bh3 17.Bh1 e5 18.e3 e4 19.Ra3 g5 20.Ng2 Rae8 21.b4 Nc7 22.Rea1 f5
23.Ne1 f4 24.exf4 gxf4 25.gxf4 Bh6 26.Rg3+ Kh8 27.Qc3 Nb5 28.Qb3 Bxf4 29.Rxh3
e3 30.Rxe3 Bxe3 31.fxe3 Qg4+ 32.Ng2 Qe2 33.Nf4 Rxf4 34.exf4 Rg8+ 35.Qg3 {#R}
0-1